|
|
แสดงรายละเอียดบรรณานุกรม |
|
|
Brief Record
: Get Marc (ISO 2709)
: E-mail record
: |
|
|
| LEADER 00000nama 2200000uu 4500 | |||
| 008 040531s|||| th m m a000 0 tha d | |||
| 041 tha | |||
| 050 VCD 000064 | |||
| 100 สถาบันพระบรมราชนก,โครงการสวัสดิการวิชาการ. | |||
| 245 รวมพลัง สร้างสุข ชุดการเรียนรู้กับชุมชน/สถาบันพระบรมราชชนก และ สำนักงานปฏิรูประบบสุขภาพแห่งชาติ. | |||
| 260 สถาบันพระบรมราชชนก. นนทบุรี. | |||
| 300 1 แผ่น | |||
| 440 ชุดเรียนรู้กับชุมชน. | |||
| 995 200 | |||
| 999 ^aใช้งานได้ทุกระบบ | |||
| คุณยังไม่ได้ล็อกอิน คุณสามารถมีกิจกรรมร่วมกับเว็บไซต์ได้ แต่ต้องล็อกอินก่อน :: |
|
| สถานะ | |||||||||
| 1. | สื่อวีดิทัศน์ | VCD 000064 | On Shelf ขอยืม | ||||||
| 2. | สื่อวีดิทัศน์ | VCD 000064 ฉ.2 | On Shelf ขอยืม | ||||||
| 3. | สื่อวีดิทัศน์ | VCD 000064 ฉ.3 | On Shelf ขอยืม | ||||||
| 4. | สื่อวีดิทัศน์ | VCD 000064 ฉ.4 | On Shelf ขอยืม | ||||||
| 5. | สื่อวีดิทัศน์ | VCD 000064 ฉ.5 | On Shelf ขอยืม | ||||||
| 6. | สื่อวีดิทัศน์ | VCD 000064 ฉ.6 | On Shelf ขอยืม | ||||||
| 7. | สื่อวีดิทัศน์ | VCD 000064 ฉ.7 | On Shelf ขอยืม | ||||||
| 8. | สื่อวีดิทัศน์ | VCD 000064 ฉ.8 | On Shelf ขอยืม | ||||||
| 9. | สื่อวีดิทัศน์ | VCD 000064 ฉ.9 | On Shelf ขอยืม | ||||||
| 10. | สื่อวีดิทัศน์ | VCD 000064 ฉ.10 | On Shelf ขอยืม | ||||||
| 11. | สื่อวีดิทัศน์ | VCD 000064 ฉ.11 | On Shelf ขอยืม | ||||||
| 12. | สื่อวีดิทัศน์ | VCD 000064 ฉ.12 | On Shelf ขอยืม | ||||||
| | |||||||||
BibComment |
| คอมเมนท์ทรัพยากรรายการนี้ |
|
|